000 00831nam a2200253 a 4500
001 72604
003 BD-RjUL
005 20211209082303.0
008 170521s1963 e abc b 001 0 eng
035 _a(BD-RjUL)72822
040 _aDLC/ICU
_cICU
_dBD-RjUL
_beng
041 1 _aengrus
082 0 0 _a578.77
_223
_bZEB 1963
100 1 _aZenkevich, L. A.
_q(Lev Aleksandrovich),
_d1889-1970.
_9214758
245 1 0 _aBiology of the seas of the U.S.S.R. /
_cL. Zenkevitch;Translated by S. Botcharskaya.
260 _aLondon :
_bGeogre allen & unwin ltd,
_cc1963.
300 _a955 p. :
_bill. ;
_c24 cm.
504 _aIncludes bibliography and index
650 0 _aMarine biology
_zSoviet Union.
_9214759
650 0 _aHydrology
_zSoviet Union.
_9214760
700 _aBotcharskaya, S.
_9214761
942 _2ddc
_cBK
999 _c72604
_d72604